Theories of information behavior
Saved in:
| 其他作者: | , , |
|---|---|
| 格式: | 图书 |
| 出版: |
New Delhi :
Ess Ess Publications,
2008.
|
| 丛编: | ASIST monograph series
|
| 主题: | |
| 标签: |
添加标签
没有标签, 成为第一个标记此记录!
|
MARC
| LEADER | 00000nam a22000007a 4500 | ||
|---|---|---|---|
| 020 | |a 9788170005278 |c TZS 35,000/= | ||
| 040 | |a MUL |b eng |e AACR | ||
| 082 | |a 020.72 THE | ||
| 245 | |a Theories of information behavior |c / edited by Karen E. Fisher, Sanda Erdelez and Lynne McKechnie | ||
| 260 | |a New Delhi : |b Ess Ess Publications, |c 2008. | ||
| 300 | |a xxii, 431 p. : |b ill. ; |c 24 cm. | ||
| 440 | |a ASIST monograph series | ||
| 504 | |a Includes index | ||
| 546 | |a eng | ||
| 650 | |a Information behavior | ||
| 650 | |a Information resources | ||
| 650 | |a Information retrieval | ||
| 650 | |a Information science | ||
| 700 | |a Fisher, Karen E. | ||
| 700 | |a Erdelez, Sanda | ||
| 700 | |a McKechnie, Lynne | ||
| 942 | |c BK | ||
| 999 | |c 7048 |d 7048 | ||